000 00936nam a2200205Ia 4500
008 0000002007 cl 0000000000spa00
090 _aPSP02 F27f
245 1 0 _aFernando Otero [Disco compacto]
_b: pinturas, construcciones, esculturas
300 _a1 CD ROM bajo Windows
_c/ 12 cm.
500 _aIncluye Texto acompañante bajo el título: Fernando Otero. Consultarlo bajo clasificación: PSP00 F27f1 \ Documentos en formato PPT y DOC \ Incluye cronología del artista
600 0 0 _aOTERO, FERNANDO, 1972/
_xTRABAJOS PICTORICOS
650 1 4 _aARTE CONTEMPORANEO ESPAÑOL CDROM
650 1 4 _aARTISTAS PLASTICOS ESPAÑOLES CDROM
650 1 4 _aPINTORES ESPAÑOLES CDROM
650 1 4 _aPINTURA (TECNICA MIXTA) CDROM
650 1 4 _aPINTURA ABSTRACTA CDROM
650 1 4 _aPINTURA ACRILICA (ARTE) CDROM
650 1 4 _aPINTURA ESPAÑOLA CDROM
999 _c13596
_d13596
260 _aSantiago de Chile : Museo de Arte Contemporáneo
_c2007